000 00413nam a2200181Ia 4500
005 20250423095148.0
008 250422s9999 xx 000 0 und d
020 _a81-7408-177-7
100 _aMithal G.K
245 0 _aElectronic Devices and Circuits
250 _a3rd ed.
260 _aDelhi
260 _bKhanna Publishers
260 _c2006
300 _a864 p
650 _aElectronics
942 _cBK
999 _c29431
_d29431